Human nutrition. (Record no. 20)
[ view plain ]
| 000 -LEADER | |
|---|---|
| fixed length control field | 00848cam a22002777a 4500 |
| 001 - CONTROL NUMBER | |
| control field | 14449155 |
| 005 - DATE AND TIME OF LATEST TRANSACTION | |
| control field | 20240826132334.0 |
| 008 - FIXED-LENGTH DATA ELEMENTS--GENERAL INFORMATION | |
| fixed length control field | 060712s2005 stka b 001 0 eng |
| 020 ## - INTERNATIONAL STANDARD BOOK NUMBER | |
| International Standard Book Number | 9780443073564 |
| 050 00 - LIBRARY OF CONGRESS CALL NUMBER | |
| Classification number | RC620 |
| Item number | .D38 2005 |
| 082 04 - DEWEY DECIMAL CLASSIFICATION NUMBER | |
| Classification number | 613.2 |
| Edition information | 22 |
| 245 00 - TITLE STATEMENT | |
| Title | Human nutrition. |
| 250 ## - EDITION STATEMENT | |
| Edition statement | 11th ed. / |
| Remainder of edition statement | edited by Catherine A. Geissler, Hilary J. Powers. |
| 260 ## - PUBLICATION, DISTRIBUTION, ETC. | |
| Place of publication, distribution, etc. | Edinburgh ; |
| -- | New York : |
| Name of publisher, distributor, etc. | Elsevier/Churchill Livingstone, |
| Date of publication, distribution, etc. | 2005. |
| 300 ## - PHYSICAL DESCRIPTION | |
| Extent | xii, 743 p. : |
| Other physical details | ill. ; |
| Dimensions | 27 cm. + |
| Accompanying material | 1 CD-ROM (4 3/4 in.) |
| 650 #2 - SUBJECT ADDED ENTRY--TOPICAL TERM | |
| Topical term or geographic name entry element | Nutrition |
| 650 #2 - SUBJECT ADDED ENTRY--TOPICAL TERM | |
| Topical term or geographic name entry element | Diet Therapy |
| 650 #2 - SUBJECT ADDED ENTRY--TOPICAL TERM | |
| Topical term or geographic name entry element | Nutrition Disorders |
| 650 #0 - SUBJECT ADDED ENTRY--TOPICAL TERM | |
| Topical term or geographic name entry element | Nutrition. |
| 650 #0 - SUBJECT ADDED ENTRY--TOPICAL TERM | |
| Topical term or geographic name entry element | Diet therapy. |
| 650 #0 - SUBJECT ADDED ENTRY--TOPICAL TERM | |
| Topical term or geographic name entry element | Nutrition disorders. |
| 700 1# - ADDED ENTRY--PERSONAL NAME | |
| Personal name | Geissler, Catherine. |
| 700 1# - ADDED ENTRY--PERSONAL NAME | |
| Personal name | Powers, Hilary J. |
| 700 1# - ADDED ENTRY--PERSONAL NAME | |
| Personal name | Garrow, J. S. |
| Title of a work | Human nutrition and dietetics. |
| 942 ## - ADDED ENTRY ELEMENTS (KOHA) | |
| Source of classification or shelving scheme | Library of Congress Classification |
| Koha item type | Books |
| Suppress in OPAC | No |
| 999 ## - | |
| -- | 20 |
| -- | 20 |
| Withdrawn status | Lost status | Source of classification or shelving scheme | Damaged status | Not for loan | Collection | Home library | Current library | Shelving location | Date acquired | Total checkouts | Full call number | Barcode | Date last seen | Copy number | Price effective from | Koha item type |
|---|---|---|---|---|---|---|---|---|---|---|---|---|---|---|---|---|
| Library of Congress Classification | Non-fiction | Science Library (Miotso) | Science Library (Miotso) | General stacks | 02/08/2025 | RC620.D38 HUM | SLM00003158 | 02/08/2025 | 1 | 02/08/2025 | Books | |||||
| Library of Congress Classification | Non-fiction | Science Library (Miotso) | Science Library (Miotso) | General stacks | 02/08/2025 | RC620.D38 HUM | SLM00003159 | 02/08/2025 | 2 | 02/08/2025 | Books | |||||
| Library of Congress Classification | Non-fiction | Science Library (Miotso) | Science Library (Miotso) | General stacks | 02/08/2025 | RC620.D38 HUM | SLM00003160 | 02/08/2025 | 3 | 02/08/2025 | Books | |||||
| Library of Congress Classification | Non-fiction | Science Library (Miotso) | Science Library (Miotso) | General stacks | 02/08/2025 | RC620.D38 HUM | SLM00003161 | 02/08/2025 | 4 | 02/08/2025 | Books | |||||
| Library of Congress Classification | Non-fiction | Science Library (Miotso) | Science Library (Miotso) | General stacks | 02/08/2025 | RC620.D38 HUM | SLM00003162 | 02/08/2025 | 5 | 02/08/2025 | Books | |||||
| Library of Congress Classification | Non-fiction | Science Library (Miotso) | Science Library (Miotso) | General stacks | 02/08/2025 | RC620.D38 HUM | SLM00003163 | 02/08/2025 | 6 | 02/08/2025 | Books | |||||
| Library of Congress Classification | Non-fiction | Science Library (Miotso) | Science Library (Miotso) | General stacks | 02/08/2025 | RC620.D38 HUM | SLM00003164 | 02/08/2025 | 7 | 02/08/2025 | Books | |||||
| Library of Congress Classification | Non-fiction | Science Library (Miotso) | Science Library (Miotso) | General stacks | 02/08/2025 | RC620.D38 HUM | SLM00003165 | 02/08/2025 | 8 | 02/08/2025 | Books | |||||
| Library of Congress Classification | Non-fiction | Science Library (Miotso) | Science Library (Miotso) | General stacks | 02/08/2025 | RC620.D38 HUM | SLM00003166 | 02/08/2025 | 9 | 02/08/2025 | Books | |||||
| Library of Congress Classification | Non-fiction | Science Library (Miotso) | Science Library (Miotso) | General stacks | 02/08/2025 | RC620.D38 HUM | SLM00003167 | 02/08/2025 | 10 | 02/08/2025 | Books | |||||
| Library of Congress Classification | Non-fiction | Undergraduate Library (Christ Temple) | Undergraduate Library (Christ Temple) | General stacks | 08/26/2024 | RC620.D38 / RA 784 HUM | ulct00000011 | 08/26/2024 | 1 | 08/26/2024 | Books |